| 000 | 00899cam a22002655a 4500 | ||
|---|---|---|---|
| 001 | 34402 | ||
| 005 | 20230404125949.0 | ||
| 008 | 061219s2006 bl ab b 001 0 por | ||
| 035 | _a14675867 | ||
| 925 | 0 |
_aacquire _b1 shelf copy _xpolicy default |
|
| 942 |
_2lcc _cbk |
||
| 010 | _a2006450642 | ||
| 020 | _a8501076309 | ||
| 040 |
_aDLC _cDLC |
||
| 050 | 1 | 4 |
_a103 F 2538.3 _bS422v 2006 |
| 100 | 1 | _aScolese, Eduardo. | |
| 245 | 1 | 0 |
_aViagens com o presidente : _bdois repórteres no encalco de Lula do Planalto ao exterior / _cEduardo Scolese, Leonencio Nossa. |
| 260 |
_aRio de Janeiro : _bEditora Record, _c2006. |
||
| 300 |
_a279 p. : _bill. (chiefly col.), col. maps ; _c23 cm. |
||
| 504 | _aIncludes bibliographical references (p. [273]-274) and index. | ||
| 600 | 1 | 0 |
_aLula, _d1945- |
| 651 | 0 |
_aBrazil _xPolitics and government _y1985-2002. |
|
| 700 | 1 | _aNossa, Leonencio. | |
| 985 | _eODE-rj | ||
| 999 |
_c8207 _d8207 |
||